Svenska band A-Ö - Statistics

General Stats
  • This quiz has been taken 156 times
  • The average score is 8 of 28
Answer Stats
Bokstav Låtar Svar % Correct
A Dancing Queen, Mamma Mia, SOS ABBA
100%
E The Final Countdown, Carrie, Rock The Night Europe
81%
K Utan Dina Andetag, Dom Andra, La Belle Epoque Kent
71%
R It Must Have Been Love, Joyride, Sleeping In My Car Roxette
60%
C Lovefool, My Favourite Game, Erase/Rewind The {Cardigans}
58%
M Dance With Somebody, Strövtåg I Hembygden, Black Saturday Mando Diao
56%
S Don't You Worry Child, Greyhound, Save The World Swedish House Mafia
55%
V Leende Guldbruna Ögon, Kan Man Älska Nån På Avstånd, Där Rosor Aldrig Dör Vikingarna
44%
I I Love It, Emergency, Girlfriend Icona Pop
41%
T Tandtråd, Tårarna I Halsen, Apelsinskal Tjuvjakt
38%
Ö Hon Kommer Med Solsken, Vägen Hem, Pessimistkonsulten Östen med Resten
33%
H Hate To Say I Told You So, Walk Idiot Walk, Tick Tick Boom The {Hives}
32%
B Hooked On A Feeling, Never My Love, Silly Milly Blue Swede
31%
F Gotta Thing About You, Build A Girl, Summer Love FO&O
27%
G Square Hammer, Dance Macabre, Cirice Ghost
27%
W You & Me Song, My Home Town, Hit The {Wannadies}
18%
P Young Folks, Second Chance, Nothing To Worry About Peter Bjorn and John
13%
D Kick Out the Epic Motherfu**er, Born To Rage, Fun Fun Fun Dada Life
10%
O Windowpane, In My Time Of Need, Ghost Of Perdition Opeth
10%
N Pumpin Blood, Masterpiece, Dancing (Mumbai Wedding) NoNoNo
6%
J Line Of Fire, Don't Let It Pass, Far Away Junip
4%
L Ritual Union, Twice, Feather Little Dragon
4%
Ä Jordrök, Ifrån Klarhet Till Klarhet, Höstsejd Änglagård
2%
Q Stone Believer, Keep On Moving, Dwarf Planet The {Quill}
2%
U Old School, Come Back To Me, Pumping Up Clouds Urban Cone
2%
X I Will Follow You, Standing For J C, The Rock In My Life XT
2%
Y I Saw You Dancing, Show Me Love, Pride of Africa Yaki-Da
1%
Z Cuffs, Wrecked Metal, Tar Heart Zeigeist
0%
No matching quizzes found
Score Distribution
Percent of People with Each Score
Percentile by Number Answered
Your Score History
You have not taken this quiz